[Event "7th C. Schlechter Memorial"]
[Site ""Vienna, AUSTRIA""]
[Date ""1996.10.28""]
[Round "2"]
[White "Havlicek, J."]
[Black "Alvir, A."]
[Result "0-1"]
[WhiteElo "2245"]
[BlackElo "2355"]
[PlyCount "86"]

1. e4 g6 2. d4 Bg7 3. c4 d6 4. Nc3 Nf6 5. Nf3 O-O 6. Be2 e5 7. d5 a5 8. O-O Na6
9. a3 Nc5 10. Rb1 Nfxe4 11. Nxe4 Nxe4 12. Qc2 Nc5 13. Qd1 Bf5 14. Ra1 a4 15.
Bg5 Qc8 16. Be3 Nb3 17. Ra2 b6 18. Nd2 Nxd2 19. Qxd2 Bd7 20. Raa1 f5 21. f4 Re8
22. Rae1 Qd8 23. fxe5 Rxe5 24. Bf4 Re4 25. Bd3 Rxe1 26. Rxe1 Qf6 27. Re2 Re8
28. g3 Rxe2 29. Qxe2 Qd4+ 30. Kf1 Be5 31. Bxe5 dxe5 32. c5 bxc5 33. Bb5 Bc8 34.
Qc2 f4 35. gxf4 Bh3+ 36. Ke2 exf4 37. Qc3 Bg4+ 38. Kf1 Qxc3 39. bxc3 Bd1 40.
Ke1 Bb3 41. Bc6 Kg7 42. Ke2 Kf6 43. Kf3 Ke5 0-1

[Event "7th C. Schlechter Memorial"]
[Site ""Vienna, AUSTRIA""]
[Date ""1996.10.28""]
[Round "2"]
[White "Penz, H."]
[Black "Zoebisch, H."]
[Result "1-0"]
[WhiteElo "2340"]
[BlackElo "2245"]
[PlyCount "103"]

1. e4 e5 2. Nf3 Nc6 3. Bc4 Bc5 4. b4 Bxb4 5. c3 Ba5 6. d4 d6 7. Qb3 Qd7 8. dxe5
Bb6 9. Bb5 a6 10. Ba4 Bc5 11. c4 dxe5 12. O-O Nge7 13. Nc3 O-O 14. Nd5 Qd6 15.
Rd1 Bg4 16. Bg5 Nxd5 17. Rxd5 Qg6 18. Rxc5 Bxf3 19. Qxf3 Qxg5 20. Bxc6 bxc6 21.
Qc3 f6 22. Rxc6 Rfd8 23. Rxc7 Rd4 24. Qh3 h6 25. Qe6+ Kh7 26. g3 Rad8 27. Rb1
Rd1+ 28. Rxd1 Rxd1+ 29. Kg2 Qg6 30. Qf5 Qxf5 31. exf5 Ra1 32. Kf3 Rxa2 33. c5
a5 34. Ra7 a4 35. Ke4 Rxf2 36. Rxa4 Rc2 37. Kd5 Rd2+ 38. Ke6 Rd4 39. Ra2 Rc4
40. Kd6 Rd4+ 41. Kc7 g6 42. Rc2 e4 43. c6 e3 44. Kb6 Rd2 45. Rc1 Rb2+ 46. Kc5
e2 47. c7 e1=Q 48. Rxe1 Rc2+ 49. Kd6 Rd2+ 50. Ke7 Rc2 51. Kd7 Rd2+ 52. Ke8 1-0

[Event "7th C. Schlechter Memorial"]
[Site ""Vienna, AUSTRIA""]
[Date ""1996.10.28""]
[Round "2"]
[White "Sandhu, M."]
[Black "Palos, O."]
[Result "1/2-1/2"]
[WhiteElo "2130"]
[BlackElo "2335"]
[PlyCount "161"]

1. e4 e6 2. d4 d5 3. Nd2 Nf6 4. e5 Nfd7 5. Bd3 c5 6. c3 Nc6 7. Ngf3 Be7 8. O-O
cxd4 9. cxd4 Nb6 10. a3 a5 11. b3 Bd7 12. Bb2 a4 13. b4 Na7 14. Qe2 Nbc8 15.
Nb1 b5 16. Nc3 Rb8 17. Rad1 Bc6 18. Bc1 h6 19. g4 Qd7 20. h4 Nb6 21. h5 Nc4 22.
Ne1 Bd8 23. f4 Bb6 24. Bb1 Nc8 25. Nf3 Ne7 26. Nh4 Qa7 27. Qd3 Kd7 28. Ne2 Rbf8
29. Kh2 Kc8 30. Rf3 Bd7 31. Rdf1 Nc6 32. Rd1 Bd8 33. Ng2 f6 34. exf6 gxf6 35.
Rg3 f5 36. gxf5 exf5 37. Nc3 Ne7 38. Re1 Nd6 39. Ba2 Ne4 40. Rg7 Qb7 41. Rxe7
Bxe7 42. Bxd5 Qa6 43. Nxe4 fxe4 44. Bxe4 Bd6 45. Nh4 Rf6 46. Ng6 Re8 47. Ne5
Bc7 48. Bd2 Ref8 49. Rc1 Qd6 50. Rc5 Be8 51. Bf3 Rxf4 52. Bxf4 Rxf4 53. Kg2
Rxd4 54. Qc3 Rd2+ 55. Kf1 Rh2 56. Rd5 Qb6 57. Bg4+ Kb8 58. Qf3 Ka7 59. Rc5 Qd6
60. Nc6+ Kb6 61. Ne5 Ka7 62. Bc8 Qb6 63. Nc6+ Ka8 64. Ne7+ Kb8 65. Bg4 Qd6 66.
Nc6+ Bxc6 67. Rxc6 Qe5 68. Rc1 Qd6 69. Rc5 Ra2 70. Rxb5+ Bb6 71. Rd5 Qc7 72.
Qf8+ Ka7 73. Rd7 Ra1+ 74. Ke2 Ra2+ 75. Kd3 Rxa3+ 76. Ke2 Ra2+ 77. Kf1 Ra1+ 78.
Ke2 Ra2+ 79. Kf1 Ra1+ 80. Ke2 Ra2+ 81. Kf1 1/2-1/2

[Event "7th C. Schlechter Memorial"]
[Site ""Vienna, AUSTRIA""]
[Date ""1996.10.28""]
[Round "2"]
[White "Blatny, F."]
[Black "Todor, R."]
[Result "1-0"]
[WhiteElo "2325"]
[BlackElo "2120"]
[PlyCount "99"]

1. e4 g6 2. Nc3 Bg7 3. d4 c5 4. d5 d6 5. Be3 Na6 6. Qd2 Nc7 7. f3 a6 8. a3 b5
9. Nge2 Bd7 10. g4 a5 11. h4 b4 12. Nd1 h6 13. Ng3 Nf6 14. Rh2 h5 15. g5 Nh7
16. f4 Qc8 17. a4 Nf8 18. Rf2 Qb7 19. Bg2 Bg4 20. e5 Nd7 21. Ne4 O-O 22. c4 Qa6
23. Rc1 Rad8 24. Bf3 Bxf3 25. Rxf3 Nb6 26. b3 Qc8 27. Qh2 Qf5 28. Ndf2 dxe5 29.
Bxc5 Nc8 30. Ng3 Qd7 31. f5 Nd6 32. f6 exf6 33. Bxd6 Qxd6 34. Nfe4 Qd7 35. gxf6
Bh6 36. Rd1 Qg4 37. Rdd3 Ne8 38. Nf2 Qc8 39. Qg2 Kh7 40. Nge4 Nd6 41. Nxd6 Rxd6
42. Ne4 Rdd8 43. Qh3 Qb7 {} 44. Rf5 Bf4 45. Qf3 Rh8 46. Rxf4 exf4 47. Ng5+ Kg8
48. Qxf4 Qb6 49. Re3 Rf8 50. Qe5 1-0

[Event "7th C. Schlechter Memorial"]
[Site ""Vienna, AUSTRIA""]
[Date ""1996.10.28""]
[Round "2"]
[White "Weissel, G."]
[Black "Roth, P."]
[Result "1/2-1/2"]
[WhiteElo "2095"]
[BlackElo "2295"]
[PlyCount "97"]

1. d4 g6 2. c4 Bg7 3. Nc3 d6 4. e4 Nc6 5. Be3 e5 6. d5 Nce7 7. g4 f5 8. gxf5
gxf5 9. Qh5+ Ng6 10. exf5 Qh4 11. Qxh4 Nxh4 12. Nb5 Kd8 13. Nxa7 Bxf5 14. Nb5
Be4 15. f3 Nxf3+ 16. Nxf3 Bxf3 17. Rg1 Bf6 18. Bg5 h6 19. Bxf6+ Nxf6 20. Rg7
Ne8 21. Rg3 Bh5 22. a3 c6 23. Nc3 Kc7 24. Be2 Bxe2 25. Kxe2 Rf8 26. Rf1 Rxf1
27. Kxf1 Nf6 28. Ke2 Nh5 29. Rg4 Nf4+ 30. Kd2 Kb6 31. Rg7 cxd5 32. cxd5 h5 33.
Rd7 Rg8 34. Rxd6+ Kc5 35. Rd7 Kd4 36. Nb5+ Ke4 37. Nd6+ Kxd5 38. Nxb7+ Kc6 39.
Rh7 Rg2+ 40. Kc3 Nd5+ 41. Kc4 Nb6+ 42. Kb3 Rxh2 43. Nd8+ Kd5 44. a4 Rh3+ 45.
Kb4 Rh4+ 46. Kb5 Nxa4 47. Rd7+ Ke4 48. Kxa4 Kf3+ 49. b4 1/2-1/2

[Event "7th C. Schlechter Memorial"]
[Site ""Vienna, AUSTRIA""]
[Date ""1996.10.28""]
[Round "2"]
[White "Schuh, F."]
[Black "Vodep, O."]
[Result "0-1"]
[WhiteElo "2285"]
[BlackElo "2205"]
[PlyCount "106"]

1. d4 f5 2. g3 Nf6 3. Bg2 g6 4. Nf3 Bg7 5. O-O O-O 6. c4 d6 7. Nc3 Nc6 8. d5
Ne5 9. Nxe5 dxe5 10. e4 f4 11. h3 g5 12. g4 h5 13. f3 hxg4 14. fxg4 Qd6 15. b3
Kf7 16. Bf3 Rh8 17. Kg2 Bd7 18. a4 Rh4 19. Ba3 c5 20. dxc6 Qxd1 21. Raxd1 Bxc6
22. Bc5 Rhh8 23. b4 Rhc8 24. Rc1 a5 25. bxa5 Be8 26. Bb6 Rxc4 27. Be2 Rb4 28.
Rb1 Rxb1 29. Rxb1 Rc8 30. Rb3 Bc6 31. Kf3 Rh8 32. Bf1 e6 33. Bf2 Ra8 34. a6
bxa6 35. Rb6 Be8 36. Rxa6 Rc8 37. Be1 Bf8 38. Rb6 Bc5 39. Rb7+ Kg6 40. a5 Bd4
41. Rb3 Bc6 42. Bd3 Rh8 43. Kg2 Ra8 44. a6 Nd7 45. Ra3 Nc5 46. Bb5 Bxb5 47.
Nxb5 Rxa6 48. Rxa6 Nxa6 49. Nxd4 exd4 50. e5 Nc5 51. Bf2 d3 52. Kf3 d2 53. Ke2
Ne4 0-1

[Event "7th C. Schlechter Memorial"]
[Site ""Vienna, AUSTRIA""]
[Date ""1996.10.28""]
[Round "2"]
[White "Koller, H."]
[Black "Sader, M."]
[Result "1/2-1/2"]
[WhiteElo "2205"]
[BlackElo "2285"]
[PlyCount "35"]

1. f4 Nf6 2. Nf3 c5 3. e3 e6 4. d4 b6 5. Bd3 Bb7 6. O-O Be7 7. c3 Qc7 8. a4 a6
9. Na3 Be4 10. Ng5 Bxd3 11. Qxd3 Qb7 12. Nc4 h6 13. Nxf7 Kxf7 14. Ne5+ Kg8 15.
Qg6 Nc6 16. Qf7+ Kh7 17. Qg6+ Kg8 18. Qf7+ 1/2-1/2

[Event "7th C. Schlechter Memorial"]
[Site ""Vienna, AUSTRIA""]
[Date ""1996.10.28""]
[Round "2"]
[White "Grabher, H."]
[Black "Stanka, W."]
[Result "1/2-1/2"]
[WhiteElo "2275"]
[BlackElo "2220"]
[PlyCount "84"]

1. e4 c6 2. d4 d5 3. Nc3 dxe4 4. Nxe4 Bf5 5. Ng3 Bg6 6. Nf3 Nd7 7. h4 h6 8. h5
Bh7 9. Bd3 Bxd3 10. Qxd3 Qc7 11. Bd2 Ngf6 12. O-O-O O-O-O 13. Qe2 e6 14. Ne5
Nxe5 15. dxe5 Nd7 16. f4 Be7 17. Ne4 Nc5 18. Nxc5 Bxc5 19. Be3 Bxe3+ 20. Qxe3
Qa5 21. a3 Rd5 22. c4 Rc5 23. Qd4 Qb5 24. Qd7+ Kb8 25. Kb1 Qxc4 26. Qd6+ Kc8
27. Rd4 Qc2+ 28. Ka1 Rd5 29. Rxd5 cxd5 30. Rh3 Rd8 31. Qe7 d4 32. Qxf7 d3 33.
Qxe6+ Kb8 34. Qe7 Qc1+ 35. Ka2 Qc4+ 36. Kb1 Qd4 37. Rh1 d2 38. Rd1 Qd3+ 39. Ka2
Qc4+ 40. Kb1 Qd3+ 41. Ka2 Qc4+ 42. Kb1 Qd3+ 1/2-1/2

[Event "7th C. Schlechter Memorial"]
[Site ""Vienna, AUSTRIA""]
[Date ""1996.10.28""]
[Round "2"]
[White "Spindelboeck, G."]
[Black "Prager, M."]
[Result "1/2-1/2"]
[WhiteElo "2260"]
[BlackElo "2165"]
[PlyCount "50"]

1. Nf3 d5 2. d4 Nf6 3. c4 e6 4. g3 Be7 5. Bg2 O-O 6. O-O c6 7. Qc2 Nbd7 8. b3
Re8 9. Bb2 Ne4 10. Nfd2 Nxd2 11. Nxd2 Nf6 12. Rad1 Bf8 13. Rfe1 b6 14. e4 Bb7
15. e5 Nd7 16. cxd5 cxd5 17. Qd3 Rc8 18. f4 Nb8 19. f5 Ba6 20. Qb1 Qg5 21. fxe6
fxe6 22. a3 Nc6 23. Nf3 Qh5 24. b4 Be7 25. Bf1 Bxf1 1/2-1/2

[Event "7th C. Schlechter Memorial"]
[Site ""Vienna, AUSTRIA""]
[Date ""1996.10.28""]
[Round "2"]
[White "Bawart, M."]
[Black "Stoeckl, E."]
[Result "0-1"]
[WhiteElo "2255"]
[BlackElo "2090"]
[PlyCount "71"]

1. e4 e5 2. Nf3 Nf6 3. Nxe5 d6 4. Nf3 Nxe4 5. Qe2 Qe7 6. d3 Nf6 7. Bg5 Qxe2+ 8.
Bxe2 Be7 9. Nc3 h6 10. Bf4 Bd7 11. O-O-O Nc6 12. d4 O-O 13. d5 Nb4 14. Rhe1 Bd8
15. a3 Na6 16. b4 Nb8 17. Nd4 a5 18. Kb2 Na6 19. Ra1 Re8 20. Nb3 axb4 21. axb4
Rb8 22. b5 Nc5 23. Nxc5 dxc5 24. b6 Rc8 25. Ra7 cxb6 26. Bd2 b5 {27. Nxb5 Rxe2
28. Rxe2 Bxb5 29. Re1 Ba6 30. d6 Bb6 31. Bc3 Nd7 32. Rxa6 bxa6 33. Re7 Rd8 34.
Kb3 Nf8 35. Be5 Ng6 36. Bg3 0-1

[Event "7th C. Schlechter Memorial"]
[Site ""Vienna, AUSTRIA""]
[Date ""1996.10.28""]
[Round "2"]
[White "Stuhlik, M."]
[Black "Denk, A."]
[Result "1/2-1/2"]
[WhiteElo "2215"]
[BlackElo "2255"]
[PlyCount "90"]

1. Nf3 c5 2. g3 Nf6 3. Bg2 e6 4. c4 Be7 5. O-O O-O 6. d4 cxd4 7. Nxd4 a6 8. Nc3
Qc7 9. Bf4 d6 10. Nb3 Nbd7 11. Rc1 Ne5 12. c5 d5 13. e4 dxe4 14. Nxe4 Nxe4 15.
Bxe4 f5 16. Bg2 g5 17. c6 bxc6 18. Bxe5 Qxe5 19. Nd4 Qf6 20. Nxc6 Bb7 21. Qb3
Bxc6 22. Rxc6 Rab8 23. Qc4 Rxb2 24. Rxe6 Qf7 25. Bd5 Kh8 26. Qc7 Bb4 27. Qc4 a5
28. a3 Bd2 29. Rc6 Qg7 30. Rc7 Qf6 31. Rc6 Qe5 32. Rc8 Rb8 33. Rxf8+ Rxf8 34.
Rd1 f4 35. Qd3 Bc3 36. Bb3 fxg3 37. hxg3 Qf6 38. Rf1 Bd4 39. Qe2 Qd6 40. Kg2
Qc6+ 41. f3 g4 42. Qd3 gxf3+ 43. Rxf3 Rxf3 44. Qxf3 Qxf3+ 45. Kxf3 a4 1/2-1/2

[Event "7th C. Schlechter Memorial"]
[Site ""Vienna, AUSTRIA""]
[Date ""1996.10.28""]
[Round "2"]
[White "Schumi, M."]
[Black "Hangweyrer, R."]
[Result "1-0"]
[WhiteElo "2245"]
[BlackElo "2205"]
[PlyCount "79"]

1. e4 e6 2. d4 d5 3. Nd2 Nf6 4. e5 Nfd7 5. f4 c5 6. Ne2 Nc6 7. Nf3 cxd4 8.
Nexd4 Qb6 9. c3 Nxd4 10. cxd4 f6 11. Bd3 Bb4+ 12. Bd2 fxe5 13. fxe5 O-O 14.
Bxb4 Qxb4+ 15. Qd2 Qb6 16. O-O-O Nb8 17. Kb1 Bd7 18. Qg5 Be8 19. Qe7 h6 20.
Bh7+ Kxh7 21. Qxf8 Nc6 22. Qc5 Bg6+ 23. Ka1 Nb4 24. Ne1 Nxa2 25. Kxa2 Qa6+ 26.
Qa3 Qc4+ 27. Qb3 Qa6+ 28. Qa3 Qc4+ 29. Ka1 Rc8 30. Nd3 Rc6 31. Nc5 b5 32.
Qc3 Qe2 33. Rd2 Qg4 34. Rf1 a5 35. Qxa5 Qg5 36. Rfd1 b4 37. b3 Qe7 38. Kb2
Rc7 39. Ra1 Qg5 40. Qxb4 1-0

[Event "7th C. Schlechter Memorial"]
[Site ""Vienna, AUSTRIA""]
[Date ""1996.10.28""]
[Round "2"]
[White "Hansen, K."]
[Black "Holzer, G."]
[Result "1/2-1/2"]
[WhiteElo "2070"]
[BlackElo "2230"]
[PlyCount "107"]

1. d4 d6 2. Nf3 g6 3. e3 Bg7 4. Bc4 Nf6 5. O-O O-O 6. Nbd2 Nbd7 7. e4 Nb6 8.
Bd3 c5 9. c3 Qc7 10. Qe2 Nh5 11. Nc4 Bg4 12. Nxb6 Qxb6 13. dxc5 Qxc5 14. Be3
Qc7 15. h3 Bd7 16. Nd4 e5 17. Nb5 Qb8 18. Qd2 Bc6 19. c4 a6 20. Nc3 f5 21. Nd5
f4 22. Bb6 Rf7 23. b4 Bxd5 24. cxd5 Qf8 25. Rac1 f3 26. g3 Bh6 27. Be3 Bxe3 28.
Qxe3 Qd8 29. Rc3 Qe7 30. Kh2 Raf8 31. Rfc1 Qd8 32. Bf1 Nf6 33. a4 h5 34. Kg1
Rg7 35. R3c2 Nh7 36. b5 axb5 37. axb5 Qg5 38. Qb6 Qf6 39. Rc7 Rgf7 40. Qxb7 h4
{} 41. Rxf7 Rxf7 42. Rc7 Rxc7 43. Qxc7 hxg3 44. b6 gxf2+ 45. Kxf2 Qh4+ 46.
Kxf3 Ng5+ 47. Ke2 Qxe4+ 48. Kd1 Qd4+ 49. Kc2 Qa4+ 50. Kb2 Qb4+ 51. Ka2 Qa4+ 52.
Kb2 Qb4+ 53. Ka2 Qa4+ 54. Kb2 1/2-1/2

[Event "7th C. Schlechter Memorial"]
[Site ""Vienna, AUSTRIA""]
[Date ""1996.10.28""]
[Round "3"]
[White "Popovic, P."]
[Black "Weinzettl, E."]
[Result "1-0"]
[WhiteElo "2575"]
[BlackElo "2365"]
[PlyCount "72"]

1. e4 e6 2. d4 d5 3. Nd2 Nf6 4. e5 Nfd7 5. c3 c5 6. Bd3 Nc6 7. Ne2 cxd4 8. cxd4
f6 9. exf6 Nxf6 10. Nf3 Bd6 11. O-O O-O 12. Bf4 Bxf4 13. Nxf4 Qd6 14. g3 e5 15.
dxe5 Nxe5 16. Nxe5 Qxe5 17. Qb3 Qd6 18. Rfe1 Kh8 19. Bf1 Bd7 20. Bg2 Bc6 21.
Rad1 d4 22. Bxc6 bxc6 23. Ne6 Rfb8 24. Qc2 c5 25. Nxc5 Rc8 26. b4 a5 27. a3
axb4 28. axb4 Qd5 29. Qd3 Re8 30. Rxe8+ Rxe8 31. h3 h6 32. Kh2 Rd8 33. Re1 Rb8
34. Re7 Qg5 35. Ra7 Nd5 36. Nd7 Rf8 1-0

[Event "7th C. Schlechter Memorial"]
[Site ""Vienna, AUSTRIA"]
[Date ""1996.10.28""]
[Round "3"]
[White "Blatny, P."]
[Black "Eisterer, H."]
[Result "1-0"]
[WhiteElo "2490"]
[BlackElo "2340"]
[PlyCount "95"]

1. Nf3 d5 2. c4 c6 3. e3 Nf6 4. Nc3 e6 5. d4 Nbd7 6. Qc2 Bd6 7. Be2 O-O 8. O-O dxc4
9. Rd1 Qe7 10. Ng5 e5 11. d5 h6 12. dxc6 hxg5 13. cxd7 Bxd7 14. e4 Be6 15. Bxg5
Bc5 16. Kh1 Rac8 17. f4 Bd4 18.Bxf6 Qxf6 19. f5 Bd7 20. Nd5 Qd6 21. f6 gxf6 22. Rf1
f5 23. Bg4 fxg4 24. Rf6 Be6 25. Qd2 $1 Rfd8 26. Rh6 Bxd5 27. Qg5+ Qg6 28. Rxg6+ fxg6
29. Qxg6+ Kh8 30. Qh5+ Kg8 31. Qxg4+ Kh8 32. Qh5+ Kg8 33. Qg5+ Kh8 34. Qh6+ Kg8 35.
Qg6+ Kh8 36. exd5 Rf8 37. g3 Bxb2 38. Re1 Rc7 39. Qh6+ Kg8 40. Re4 Rff7 41. Rg4+
Rg7 42. Qe6+ Kf8 43. Qf6+ Kg8 44. Qd8+ Kh7 45. Rh4+ Kg6 46. Qd6+ Kf5 47. Qe6+ Kg5
48. Rg4+ 1-0

[Event "7th C. Schlechter Memorial"]
[Site ""Vienna, AUSTRIA""]
[Date ""1996.10.28""]
[Round "3"]
[White "Dirr, U."]
[Black "Groszpeter, A."]
[Result "0-1"]
[WhiteElo "2260"]
[BlackElo "2545"]
[PlyCount "70"]

1. e4 c5 2. Nf3 d6 3. d4 cxd4 4. Nxd4 Nf6 5. Nc3 Nc6 6. Bg5 e6 7. Qd2 a6 8.
O-O-O h6 9. Be3 Bd7 10. f4 b5 11. Bd3 Qc7 12. Kb1 Na5 13. Qe1 Be7 14. h3 Nc4
15. Bc1 b4 16. Nce2 a5 17. Ng3 O-O 18. Qe2 Rfc8 19. Rhf1 a4 20. e5 dxe5 21.
fxe5 Nxe5 22. Bf4 Ra5 23. Nh5 Nxh5 24. Qxh5 Bf6 25. Qe2 Qc5 26. Bxe5 Qxe5 27.
Qxe5 Rxe5 28. Nf3 Rec5 29. Nd2 R5c7 30. Ne4 Be7 31. g4 Bc6 32. Rfe1 Bd5 33. Re2
g6 34. b3 Ra8 35. Rg1 Rca7 0-1

[Event "7th C. Schlechter Memorial"]
[Site ""Vienna, AUSTRIA""]
[Date ""1996.10.28""]
[Round "3"]
[White "Lau, R."]
[Black "Penz, H."]
[Result "1/2-1/2"]
[WhiteElo "2510"]
[BlackElo "2340"]
[PlyCount "59"]

1. e4 e5 2. Nf3 Nf6 3. Nxe5 d6 4. Nf3 Nxe4 5. d4 d5 6. Bd3 Be7 7. O-O Nc6 8. c4
Nb4 9. Be2 O-O 10. Nc3 Nxc3 11. bxc3 Nc6 12. cxd5 Qxd5 13. c4 Qd6 14. Be3 Rd8
15. Rb1 b6 16. Qd2 Qg6 17. Bd3 Bf5 18. Bxf5 Qxf5 19. Rb5 Qe4 20. Re1 Bf6 21.
Bf4 Qg6 22. Rd5 Rxd5 23. cxd5 Ne7 24. d6 cxd6 25. Bxd6 Nd5 26. Qe2 h6 27. Qb5
Qf5 28. Be5 Nf4 29. g3 Rc8 30. a4 1/2-1/2

[Event "7th C. Schlechter Memorial"]
[Site ""Vienna, AUSTRIA""]
[Date ""1996.10.28""]
[Round "3"]
[White "Balinov, I."]
[Black "Blatny, F."]
[Result "1-0"]
[WhiteElo "2385"]
[BlackElo "2325"]
[PlyCount "83"]

1. e4 e5 2. Nf3 Nc6 3. d4 exd4 4. Nxd4 Bc5 5. Be3 Qf6 6. c3 Nge7 7. Bc4 Ne5 8.
Be2 d6 9. f4 N5g6 10. O-O Nc6 11. Qd2 h6 12. Nb5 Qe7 13. c4 O-O 14. f5 Nh4 15.
Bxc5 dxc5 16. Qf4 Nxf5 17. exf5 Qxe2 18. N1c3 Qe5 19. Qh4 Nd4 20. Rae1 Nxf5 21.
Qh5 Qf6 22. Nd5 Qg5 23. Qxg5 hxg5 24. Nbxc7 Rb8 {} 25. Rxf5 Bxf5 26. Ne7+ Kh7
27. Nxf5 g6 28. Ne7 a6 29. a4 Rfd8 30. Ned5 Kg7 31. Re7 Kf8 32. Kf2 b5 33. cxb5
axb5 34. axb5 Rb7 35. Re2 Rd7 36. b6 Rd6 37. Rc2 Rc6 38. Rc4 Rbxb6 39. Nxb6 Rxb6
40. Rc2 Rc6 41. Nd5 f5 42. b4 1-0

[Event "7th C. Schlechter Memorial"]
[Site ""Vienna, AUSTRIA""]
[Date ""1996.10.28""]
[Round "3"]
[White "Wittmann, W.."]
[Black "Dueckstein, A."]
[Result "1/2-1/2"]
[WhiteElo "2370"]
[BlackElo "2305"]
[PlyCount "62"]

1. e4 e5 2. Nf3 Nc6 3. Bb5 Bc5 4. O-O Nd4 5. Nxd4 Bxd4 6. c3 Bb6 7. d4 c6 8.
Ba4 d6 9. Na3 Nf6 10. Bg5 h6 11. Bxf6 Qxf6 12. d5 Bd7 13. dxc6 bxc6 14. Nc4 Ke7
15. Qd3 Rhd8 16. Kh1 Be8 17. Rad1 d5 18. exd5 cxd5 19. Nxb6 axb6 20. Bxe8 Kxe8
21. Qb5+ Kf8 22. Rxd5 Rxa2 23. Rxe5 Rxb2 24. Qxb2 Qxe5 25. Qxb6 Rd2 26. Kg1 g6
27. Qb4+ Kg7 28. Qb3 Qe2 29. g3 Qf3 30. Qb4 Rc2 31. Qd4+ Qf6 1/2-1/2

[Event "7th C. Schlechter Memorial"]
[Site ""Vienna, AUSTRIA""]
[Date ""1996.10.28""]
[Round "3"]
[White "Alvir, A."]
[Black "Kummer, H."]
[Result "1-0"]
[WhiteElo "2355"]
[BlackElo "2300"]
[PlyCount "69"]

1. e4 Nc6 2. Nf3 d6 3. d4 Nf6 4. Nc3 Bg4 5. d5 Ne5 6. Bb5+ Ned7 7. h3 Bxf3 8.
Qxf3 a6 9. Be2 g6 10. g4 h6 11. h4 h5 12. g5 Nh7 13. Qg3 Bg7 14. f4 Nhf8 15.
O-O b5 {} 16. Be3 Nb6 17. Rae1 Nfd7 18. Bd3 Nc4 19. Bc1 O-O 20. e5 dxe5 21. f5
Qe8 22. d6 cxd6 23. Nd5 Rc8 24. f6 exf6 25. gxf6 {} 25... Rc5 26. Ne7+ Kh8 27.
fxg7+ Kxg7 28. b4 Qxe7 29. bxc5 Nxc5 30. Bg5 Qa7 31. Bf6+ Kh7 32. Kh2 Ne6 33.
Re2 Nf4 34. Qg5 Qc5 35. Rxf4 1-0

[Event "7th C. Schlechter Memorial"]
[Site ""Vienna, AUSTRIA""]
[Date ""1996.10.28""]
[Round "3"]
[White "Vodep, O."]
[Black "Stanec, N."]
[Result "0-1"]
[WhiteElo "2205"]
[BlackElo "2505"]
[PlyCount "66"]

1. e4 c5 2. g3 d5 3. exd5 Qxd5 4. Nf3 Bg4 5. Bg2 Nc6 6. h3 Bh5 7. O-O Nf6 8. d3
e6 9. Nc3 Qd7 10. Bg5 Be7 11. Bxf6 Bxf6 12. Ne4 Qe7 13. c3 Rd8 14. g4 Bg6 15.
Qe2 h6 16. Ne1 h5 17. Qe3 hxg4 18. hxg4 Bxe4 19. Bxe4 Ne5 20. Qg3 Rh4 21. f3 g5
22. Ng2 Rh8 23. f4 gxf4 24. Qxf4 Bg7 25. Rad1 Rh3 26. g5 Rh5 27. Rfe1 Rxg5 28.
d4 Rg4 29. Qf2 cxd4 30. cxd4 {} 30... f5 31. Bxf5 Rgxd4 32. Rxd4 Rxd4 33. Bh3
Nd3 0-1

[Event "7th C. Schlechter Memorial"]
[Site ""Vienna, AUSTRIA""]
[Date ""1996.10.28""]
[Round "3"]
[White "Groetz, H."]
[Black "Rotshtein, A."]
[Result "0-1"]
[WhiteElo "2280"]
[BlackElo "2475"]
[PlyCount "60"]

1. e4 c5 2. Nf3 e6 3. Nc3 a6 4. d4 cxd4 5. Nxd4 Qc7 6. g3 Nf6 7. Bg2 Be7 8. O-O
d6 9. Bg5 O-O 10. Qe2 Nc6 11. Nxc6 bxc6 12. e5 dxe5 13. Ne4 Nxe4 14. Bxe7 Nxg3
15. hxg3 Qxe7 16. Bxc6 Bb7 17. Bxb7 Qxb7 18. Qxe5 Rac8 19. Rac1 Rfd8 20. Rfd1
h6 21. Rd4 Qb6 22. Rg4 g6 23. Re1 Rd5 24. Qe4 Rf5 25. Qe2 h5 26. Re4 Qxb2 27.
Rxe6 Rxc2 28. Re8+ Kh7 29. Qe3 Rcxf2 30. Qe4 R5f3 0-1

[Event "7th C. Schlechter Memorial"]
[Site ""Vienna, AUSTRIA""]
[Date ""1996.10.28""]
[Round "3"]
[White "Schwab, R."]
[Black "Palkovi, J."]
[Result "0-1"]
[WhiteElo "2265"]
[BlackElo "2460"]
[PlyCount "76"]

1. e4 d5 2. Nc3 dxe4 3. Nxe4 g6 4. d4 Bg7 5. c3 Bf5 6. Ng3 Be6 7. N1e2 Nf6 8.
Nf4 Bc8 9. Be2 O-O 10. O-O c5 11. dxc5 Qc7 12. Nd3 e5 13. Qa4 Na6 14. c6 Re8
15. Bf3 b5 16. Qh4 h6 17. Bxh6 Bxh6 18. Qxh6 e4 19. Qh4 Qxc6 20. a4 {} 20...
exf3 21. axb5 Qxb5 22. Qxf6 Qxd3 23. Qc6 Bd7 24. Qf6 Re6 25. Qg5 Qb5 26. Qh6
fxg2 27. Rfd1 Rae8 28. b4 Bc6 29. Qd2 Bf3 30. Re1 Rxe1+ 31. Rxe1 Rxe1+ 32. Qxe1
Nc7 33. Qc1 Ne6 34. h3 Qd3 35. Kh2 Bd5 36. Qe1 Qf3 37. b5 Kh7 38. c4 Bb7 0-1

[Event "7th C. Schlechter Memorial"]
[Site ""Vienna, AUSTRIA""]
[Date ""1996.10.28""]
[Round "3"]
[White "Stoeckl, E."]
[Black "Schroll, G."]
[Result "1/2-1/2"]
[WhiteElo "2090"]
[BlackElo "2380"]
[PlyCount "109"]

1. Nf3 Nf6 2. c4 g6 3. Nc3 Bg7 4. g3 O-O 5. Bg2 d6 6. d4 Nbd7 7. O-O e5 8. h3
c6 9. dxe5 dxe5 10. Be3 Qe7 11. Qc1 Ne8 12. Rd1 Nd6 13. b3 Nf5 14. Rb1 Nc5 15.
Bxc5 Qxc5 16. Ne4 Qe7 17. e3 Be6 18. Rb2 Rad8 19. Rbd2 Nh6 20. Rxd8 Rxd8 21.
Rxd8+ Qxd8 22. Qd2 Qxd2 23. Nfxd2 Nf5 24. Nf3 f6 25. Kf1 Kf8 26. h4 Ke7 27.
Nfd2 Nd6 28. Nxd6 Kxd6 29. Ne4+ Kc7 30. Ke2 a6 31. Kd2 b5 32. Nc5 Bc8 33. b4
Bf8 34. Kc3 a5 35. a3 axb4+ 36. axb4 Kb6 37. Ne4 bxc4 38. Bf1 f5 39. Nd2 e4 40.
Nxc4+ Kc7 41. Nd2 h6 42. b5 cxb5 43. Bxb5 Kd6 44. Be8 g5 45. hxg5 hxg5 46. Bg6
g4 47. Bf7 Bg7+ 48. Kc2 Ba6 49. Bc4 Bxc4 50. Nxc4+ Kc5 51. Nd2 Kb4 52. Nf1 Be5
53. Kd2 Kb3 54. Ke2 Bc3 55. Nh2 1/2-1/2

[Event "7th C. Schlechter Memorial"]
[Site ""Vienna, AUSTRIA""]
[Date ""1996.10.28""]
[Round "3"]
[White "Danner, G."]
[Black "Neumeier, K."]
[Result "0-1"]
[WhiteElo "2375"]
[BlackElo "2280"]
[PlyCount "56"]

1. d4 Nf6 2. Nf3 g6 3. c4 Bg7 4. Nc3 O-O 5. e4 d6 6. Be2 e5 7. d5 a5 8. Bg5 h6
9. Bh4 Na6 10. Nd2 h5 11. h3 Bh6 12. g4 hxg4 13. hxg4 Bf4 14. f3 Kg7 15. Bf2
Rh8 16. Rxh8 Qxh8 17. Bd3 Qh3 18. Qe2 Nxg4 19. fxg4 Bxg4 20. Qf1 Qh6 21. Ncb1
Nb4 22. a3 Nxd3+ 23. Qxd3 Rh8 24. Nf1 Qh1 25. Nc3 Rh3 26. Qc2 Qg2 {} 27. Rd1
Rh1 28. Qd3 Bh3 0-1

[Event "7th C. Schlechter Memorial"]
[Site ""Vienna, AUSTRIA""]
[Date ""1996.10.28""]
[Round "3"]
[White "Zetthofer, G."]
[Black "Miniboeck, G."]
[Result "1/2-1/2"]
[WhiteElo "2215"]
[BlackElo "2355"]
[PlyCount "45"]

1. d4 Nf6 2. Nf3 e6 3. c4 b6 4. Nc3 Bb7 5. Bg5 h6 6. Bh4 g5 7. Bg3 Nh5 8. e4
Nxg3 9. hxg3 Bg7 10. Rc1 g4 11. Ng1 h5 12. Nge2 Nc6 13. d5 Ne5 14. Nf4 h4 15.
Be2 hxg3 16. Rxh8+ Bxh8 17. fxg3 a6 18. Qd2 Qe7 19. Na4 Rd8 20. c5 b5 21. d6
cxd6 22. cxd6 Qf6 23. Nc5 1/2-1/2

[Event "7th C. Schlechter Memorial"]
[Site ""Vienna, AUSTRIA""]
[Date ""1996.10.28""]
[Round "3"]
[White "Palos, O."]
[Black "Schumi, M."]
[Result "1-0"]
[WhiteElo "2335"]
[BlackElo "2245"]
[PlyCount "75"]

1. e4 c5 2. Nf3 d6 3. Bb5+ Nd7 4. d4 Ngf6 5. Nc3 a6 6. Bxd7+ Nxd7 7. O-O cxd4
8. Qxd4 e6 9. Bg5 Qc7 10. Rfe1 Ne5 11. Rad1 f6 12. Bh4 Bd7 13. Bg3 Rc8 14. Nd2
Be7 15. f4 Nc4 16. Nxc4 Qxc4 17. Qd2 Bc6 18. f5 e5 19. Bf2 b5 20. a3 Bb7 21.
Qe3 O-O 22. Rd3 b4 23. b3 Qc5 24. Qf3 Qa5 25. axb4 Qxb4 26. Re2 Rc7 27. Na4 Bc6
28. Nb6 Rb8 29. Nd5 Bxd5 30. Rxd5 Rbc8 31. c4 Rb7 32. Rd3 Bd8 33. h3 Bb6 34.
Red2 Rc6 35. Qh5 Rb8 36. Kh2 Bxf2 37. Rxf2 a5 38. Rd5 {Time} 1-0

[Event "7th C. Schlechter Memorial"]
[Site ""Vienna, AUSTRIA""]
[Date ""1996.10.28""]
[Round "3"]
[White "Roth, P."]
[Black "Koller, H."]
[Result "1-0"]
[WhiteElo "2295"]
[BlackElo "2205"]
[PlyCount "53"]

1. e4 e6 2. d4 c5 3. Nf3 a6 4. Nc3 cxd4 5. Nxd4 Qc7 6. Bd3 Nc6 7. Nxc6 bxc6 8.
Qe2 e5 9. O-O Nf6 10. f4 Bc5+ 11. Kh1 d6 12. Na4 Bg4 13. Qe1 Ba7 14. Qh4 Be6
15. fxe5 dxe5 16. Bd2 Nd7 17. Qg3 Rg8 18. Bc3 f6 19. Rad1 Ke7 20. Bxa6 Bb8 
21. Rxd7+ Qxd7 22. Bb4+ Kf7 23. Nc5 Qe7 24. Be2 Rxa2 25. Qc3 Qa7 26. Nxe6 Re8
27. Ng5+ 1-0